[Event "DVM U16 2023"]
[Site "Magdeburg GER"]
[Date "2023.12.29"]
[Round "6"]
[White "Englert, Luca"]
[Black "Gold, Jan Christian"]
[Result "0-1"]
[Termination "normal"]
[Board "7.1"]
[WhiteElo "2149"]
[BlackElo "1932"]
[WhiteClock "00:03:36"]
[BlackClock "00:09:26"]
[WhiteTeam "VfB Schach Leipzig"]
[BlackTeam "SK Bad Homburg 1927"]
[PlyCount "90"]
[WhiteFideId "16293088"]
[BlackFideId "16298128"]
[EventCountry "GER"]
[EventRounds "7"]
[EventType "team-swiss"]
[EventDate "2023.12.26"]

1. e4 {[%clk 01:30:58]} {[%emt 00:00:01]} e6 {[%clk 01:30:21]} {[%emt
00:00:41]} 2. d4 {[%clk 01:31:23]} {[%emt 00:00:04]} d5 {[%clk 01:30:47]}
{[%emt 00:00:04]} 3. Nd2 {[%clk 01:31:47]} {[%emt 00:00:06]} dxe4 {[%clk
01:23:41]} {[%emt 00:07:36]} 4. Nxe4 {[%clk 01:31:58]} {[%emt 00:00:18]} Be7
{[%clk 01:23:54]} {[%emt 00:00:16]} 5. Bd3 {[%clk 01:31:32]} {[%emt 00:00:57]}
Nf6 {[%clk 01:24:00]} {[%emt 00:00:24]} 6. Nf3 {[%clk 01:31:07]} {[%emt
00:00:55]} Nbd7 {[%clk 01:24:13]} {[%emt 00:00:18]} 7. O-O {[%clk 01:30:36]}
{[%emt 00:01:02]} O-O {[%clk 01:24:20]} {[%emt 00:00:22]} 8. Re1 {[%clk
01:29:14]} {[%emt 00:01:52]} c5 {[%clk 01:23:27]} {[%emt 00:01:23]} 9. c3
{[%clk 01:22:22]} {[%emt 00:07:21]} b6 {[%clk 01:22:52]} {[%emt 00:01:05]} 10.
Qe2 {[%clk 01:14:47]} {[%emt 00:08:05]} cxd4 {[%clk 01:18:49]} {[%emt
00:04:33]} 11. Nxd4 {[%clk 01:13:08]} {[%emt 00:02:10]} Bb7 {[%clk 01:18:49]}
{[%emt 00:00:29]} 12. Ng5 {[%clk 01:02:47]} {[%emt 00:10:51]} e5 {[%clk
01:12:34]} {[%emt 00:06:45]} 13. Nf5 {[%clk 00:59:37]} {[%emt 00:03:40]} Re8
{[%clk 01:09:12]} {[%emt 00:03:52]} 14. Bc4 {[%clk 00:53:52]} {[%emt 00:06:14]}
Bd5 {[%clk 01:05:36]} {[%emt 00:04:06]} 15. Nxe7+ {[%clk 00:42:53]} {[%emt
00:11:29]} Qxe7 {[%clk 01:02:03]} {[%emt 00:04:03]} 16. Nxh7 {[%clk 00:43:19]}
{[%emt 00:00:05]} Bxc4 {[%clk 00:56:38]} {[%emt 00:05:55]} 17. Nxf6+ {[%clk
00:43:36]} {[%emt 00:00:14]} Qxf6 {[%clk 00:55:26]} {[%emt 00:01:42]} 18. Qxc4
{[%emt 00:00:44]} Rad8 {[%clk 00:55:16]} 19. Qg4 {[%clk 00:39:22]} {[%emt
00:05:09]} Nc5 {[%clk 00:53:17]} {[%emt 00:02:29]} 20. Bg5 {[%clk 00:34:49]}
{[%emt 00:05:03]} Qg6 {[%clk 00:53:36]} {[%emt 00:00:12]} 21. h3 {[%clk
00:34:45]} {[%emt 00:00:35]} f6 {[%clk 00:45:59]} {[%emt 00:08:05]} 22. Be3
{[%clk 00:32:29]} {[%emt 00:02:47]} Qxg4 {[%clk 00:46:00]} {[%emt 00:00:29]}
23. hxg4 {[%clk 00:32:58]} {[%emt 00:00:01]} Nd3 {[%clk 00:42:47]} {[%emt
00:03:43]} 24. Re2 {[%clk 00:33:12]} {[%emt 00:00:17]} Kf7 {[%clk 00:42:04]}
{[%emt 00:01:12]} 25. Rd1 {[%clk 00:30:48]} {[%emt 00:02:54]} Rd7 {[%clk
00:36:35]} {[%emt 00:05:59]} 26. Red2 {[%clk 00:29:39]} {[%emt 00:01:39]} Red8
{[%clk 00:37:00]} {[%emt 00:00:05]} 27. Kf1 {[%clk 00:29:13]} {[%emt 00:00:57]}
Ke6 {[%clk 00:36:25]} {[%emt 00:01:05]} 28. Ke2 {[%clk 00:28:06]} {[%emt
00:01:37]} Nxb2 {[%clk 00:35:48]} {[%emt 00:01:06]} 29. Rxd7 {[%clk 00:20:46]}
{[%emt 00:07:50]} Rxd7 {[%clk 00:36:17]} {[%emt 00:00:01]} 30. Rxd7 {[%clk
00:20:19]} {[%emt 00:00:57]} Kxd7 {[%clk 00:36:43]} {[%emt 00:00:03]} 31. Bc1
{[%clk 00:17:45]} {[%emt 00:03:04]} Na4 {[%clk 00:34:29]} {[%emt 00:02:44]} 32.
Kd3 {[%clk 00:17:26]} {[%emt 00:00:50]} Nc5+ {[%clk 00:34:47]} {[%emt
00:00:11]} 33. Kc4 {[%clk 00:14:17]} {[%emt 00:03:39]} Kc6 {[%clk 00:33:51]}
{[%emt 00:01:26]} 34. Be3 {[%clk 00:14:36]} {[%emt 00:00:11]} a5 {[%clk
00:31:39]} {[%emt 00:02:41]} 35. Bxc5 {[%clk 00:14:12]} {[%emt 00:00:55]} b5+
{[%clk 00:32:04]} {[%emt 00:00:06]} 36. Kb3 {[%clk 00:08:16]} {[%emt 00:06:25]}
Kxc5 {[%clk 00:32:28]} {[%emt 00:00:06]} 37. f3 {[%clk 00:07:18]} {[%emt
00:01:29]} g6 {[%clk 00:22:44]} {[%emt 00:10:13]} 38. g3 {[%clk 00:04:59]}
{[%emt 00:02:49]} a4+ {[%clk 00:11:51]} {[%emt 00:11:22]} 39. Kc2 {[%clk
00:02:45]} {[%emt 00:02:44]} Kc4 {[%clk 00:10:55]} {[%emt 00:01:26]} 40. Kb2
{[%clk 00:03:14]} Kd3 {[%clk 00:09:58]} {[%emt 00:01:27]} 41. f4 {[%clk
00:02:15]} {[%emt 00:01:29]} e4 {[%clk 00:08:54]} {[%emt 00:01:34]} 42. g5
{[%clk 00:02:39]} {[%emt 00:00:07]} e3 {[%clk 00:08:11]} {[%emt 00:01:14]} 43.
gxf6 {[%clk 00:02:46]} {[%emt 00:00:22]} e2 {[%clk 00:08:36]} {[%emt 00:00:06]}
44. f7 {[%clk 00:03:12]} {[%emt 00:00:03]} e1=Q {[%clk 00:09:01]} {[%emt
00:00:05]} 45. f8=Q {[%clk 00:03:36]} {[%emt 00:00:06]} Qxc3+ {[%clk 00:09:26]}
{[%emt 00:00:05]} 0-1

[Event "DVM U16 2023"]
[Site "Magdeburg GER"]
[Date "2023.12.29"]
[Round "6"]
[White "von Beckh, Frieda"]
[Black "Schön, Florian"]
[Result "0-1"]
[Termination "normal"]
[Board "7.2"]
[WhiteElo "1656"]
[BlackElo "1879"]
[WhiteClock "00:26:52"]
[BlackClock "00:17:00"]
[WhiteTeam "SK Bad Homburg 1927"]
[BlackTeam "VfB Schach Leipzig"]
[PlyCount "86"]
[WhiteFideId "16233751"]
[BlackFideId "16259394"]
[EventCountry "GER"]
[EventRounds "7"]
[EventType "team-swiss"]
[EventDate "2023.12.26"]

1. e4 {[%clk 01:30:57]} {[%emt 00:00:02]} e5 {[%clk 01:30:57]} {[%emt
00:00:05]} 2. Nf3 {[%clk 01:31:19]} {[%emt 00:00:07]} Nc6 {[%clk 01:31:24]}
{[%emt 00:00:04]} 3. d4 {[%clk 01:31:44]} {[%emt 00:00:04]} exd4 {[%clk
01:31:51]} {[%emt 00:00:03]} 4. Nxd4 {[%clk 01:32:10]} {[%emt 00:00:04]} Bc5
{[%clk 01:31:14]} {[%emt 00:01:07]} 5. Nb3 {[%clk 01:32:33]} {[%emt 00:00:07]}
Bb6 {[%clk 01:31:19]} {[%emt 00:00:24]} 6. Nc3 {[%clk 01:32:55]} {[%emt
00:00:08]} Nf6 {[%clk 01:30:10]} {[%emt 00:01:40]} 7. Qe2 {[%clk 01:32:42]}
{[%emt 00:00:42]} d6 {[%clk 01:29:26]} {[%emt 00:01:14]} 8. Be3 {[%clk
01:32:34]} {[%emt 00:00:38]} Be6 {[%clk 01:25:01]} {[%emt 00:04:56]} 9. O-O-O
{[%clk 01:31:46]} {[%emt 00:01:17]} Qe7 {[%clk 01:20:02]} {[%emt 00:05:29]} 10.
g3 {[%clk 01:28:20]} {[%emt 00:03:55]} Ne5 {[%clk 01:12:11]} {[%emt 00:08:22]}
11. Bg2 {[%clk 01:26:48]} {[%emt 00:02:01]} Nc4 {[%clk 01:10:21]} {[%emt
00:02:21]} 12. Bxb6 {[%clk 01:26:41]} {[%emt 00:00:37]} axb6 {[%clk 01:08:58]}
{[%emt 00:01:53]} 13. f4 {[%clk 01:25:19]} {[%emt 00:01:51]} Na5 {[%clk
01:05:36]} {[%emt 00:03:53]} 14. e5 {[%clk 01:18:36]} {[%emt 00:07:12]} dxe5
{[%clk 01:04:19]} {[%emt 00:01:48]} 15. fxe5 {[%clk 01:15:45]} {[%emt
00:03:20]} Nd7 {[%clk 01:03:00]} {[%emt 00:01:49]} 16. Bd5 {[%clk 00:57:41]}
{[%emt 00:18:33]} O-O {[%clk 00:55:53]} {[%emt 00:07:39]} 17. Kb1 {[%clk
00:57:03]} {[%emt 00:01:08]} Nxb3 {[%clk 00:53:46]} {[%emt 00:02:37]} 18. cxb3
{[%clk 00:56:01]} {[%emt 00:01:32]} Nc5 {[%clk 00:43:16]} {[%emt 00:11:00]} 19.
h4 {[%clk 00:54:03]} {[%emt 00:02:23]} Bf5+ {[%clk 00:41:41]} {[%emt 00:02:09]}
20. Kc1 {[%clk 00:51:00]} {[%emt 00:03:33]} c6 {[%clk 00:41:04]} {[%emt
00:01:07]} 21. Bf3 {[%clk 00:49:19]} {[%emt 00:02:09]} Rfd8 {[%clk 00:41:12]}
{[%emt 00:00:24]} 22. Rxd8+ {[%clk 00:48:14]} {[%emt 00:01:35]} Rxd8 {[%clk
00:40:22]} {[%emt 00:01:20]} 23. Ne4 {[%clk 00:45:44]} {[%emt 00:02:59]} Qxe5
{[%clk 00:37:33]} {[%emt 00:03:19]} 24. Rd1 {[%clk 00:44:12]} {[%emt 00:02:01]}
Rd4 {[%clk 00:28:06]} {[%emt 00:09:59]} 25. Rxd4 {[%clk 00:37:29]} {[%emt
00:07:13]} Qxd4 {[%clk 00:28:27]} {[%emt 00:00:09]} 26. Nxc5 {[%clk 00:37:31]}
{[%emt 00:00:27]} Qxc5+ {[%clk 00:28:52]} {[%emt 00:00:06]} 27. Kd1 {[%clk
00:37:26]} {[%emt 00:00:34]} Kf8 {[%clk 00:23:37]} {[%emt 00:05:46]} 28. g4
{[%clk 00:36:55]} {[%emt 00:01:00]} Be6 {[%clk 00:22:57]} {[%emt 00:01:10]} 29.
Qd2 {[%clk 00:35:54]} {[%emt 00:01:31]} Ke7 {[%clk 00:21:57]} {[%emt 00:01:31]}
30. h5 {[%clk 00:34:51]} {[%emt 00:01:32]} Qd6 {[%clk 00:21:41]} {[%emt
00:00:47]} 31. g5 {[%clk 00:34:39]} {[%emt 00:00:41]} h6 {[%clk 00:20:55]}
{[%emt 00:01:17]} 32. Qxd6+ {[%clk 00:31:34]} {[%emt 00:03:34]} Kxd6 {[%clk
00:21:23]} {[%emt 00:00:02]} 33. gxh6 {[%clk 00:31:49]} {[%emt 00:00:15]} gxh6
{[%clk 00:21:52]} {[%emt 00:00:02]} 34. Ke2 {[%clk 00:31:15]} {[%emt 00:01:03]}
Ke5 {[%clk 00:19:36]} {[%emt 00:02:47]} 35. Ke3 {[%clk 00:30:40]} {[%emt
00:01:03]} Bd5 {[%clk 00:19:06]} {[%emt 00:01:02]} 36. Bd1 {[%clk 00:30:16]}
{[%emt 00:00:52]} f5 {[%clk 00:18:38]} {[%emt 00:00:59]} 37. a3 {[%clk
00:30:14]} {[%emt 00:00:31]} f4+ {[%clk 00:19:02]} {[%emt 00:00:08]} 38. Kf2
{[%clk 00:30:28]} {[%emt 00:00:14]} c5 {[%clk 00:17:44]} {[%emt 00:01:50]} 39.
Bc2 {[%clk 00:28:28]} {[%emt 00:02:30]} Kf6 {[%clk 00:17:01]} {[%emt 00:01:13]}
40. b4 {[%clk 00:28:28]} {[%emt 00:00:30]} Kg5 {[%clk 00:16:37]} {[%emt
00:00:54]} 41. bxc5 {[%clk 00:28:22]} {[%emt 00:00:36]} bxc5 {[%clk 00:16:59]}
{[%emt 00:00:09]} 42. Bg6 {[%clk 00:27:38]} {[%emt 00:01:13]} Be6 {[%clk
00:16:42]} {[%emt 00:00:48]} 43. Be4 {[%clk 00:26:52]} {[%emt 00:01:15]} b6
{[%clk 00:17:00]} {[%emt 00:00:13]} 0-1

[Event "DVM U16 2023"]
[Site "Magdeburg GER"]
[Date "2023.12.29"]
[Round "6"]
[White "Widmann, Maximilian"]
[Black "Pichl, Christoph"]
[Result "1/2-1/2"]
[Termination "normal"]
[Board "7.3"]
[WhiteElo "1611"]
[BlackElo "1680"]
[WhiteClock "00:11:47"]
[BlackClock "00:01:01"]
[WhiteTeam "VfB Schach Leipzig"]
[BlackTeam "SK Bad Homburg 1927"]
[PlyCount "81"]
[WhiteFideId "16281691"]
[BlackFideId "16249739"]
[EventCountry "GER"]
[EventRounds "7"]
[EventType "team-swiss"]
[EventDate "2023.12.26"]

1. Nf3 {[%clk 01:30:55]} {[%emt 00:00:03]} Nf6 {[%clk 01:30:21]} {[%emt
00:00:39]} 2. c4 {[%clk 01:31:10]} {[%emt 00:00:15]} c5 {[%clk 01:29:54]}
{[%emt 00:00:56]} 3. Nc3 {[%clk 01:29:18]} {[%emt 00:02:23]} d6 {[%clk
01:27:52]} {[%emt 00:02:32]} 4. g3 {[%clk 01:24:02]} {[%emt 00:05:46]} g6
{[%clk 01:23:44]} {[%emt 00:04:37]} 5. d4 {[%clk 01:20:02]} {[%emt 00:04:30]}
Nbd7 {[%clk 01:22:45]} {[%emt 00:01:29]} 6. Bg2 {[%clk 01:19:19]} {[%emt
00:01:13]} Bg7 {[%clk 01:23:09]} {[%emt 00:00:06]} 7. O-O {[%clk 01:18:17]}
{[%emt 00:01:32]} O-O {[%clk 01:21:37]} {[%emt 00:02:01]} 8. b3 {[%clk
01:11:35]} {[%emt 00:07:12]} a6 {[%clk 01:18:37]} {[%emt 00:03:31]} 9. Bb2
{[%clk 01:10:04]} {[%emt 00:02:02]} Rb8 {[%clk 01:15:07]} {[%emt 00:03:59]} 10.
Rc1 {[%clk 01:02:57]} {[%emt 00:07:37]} Qc7 {[%clk 01:11:36]} {[%emt 00:04:00]}
11. e3 {[%clk 00:59:14]} {[%emt 00:04:14]} Re8 {[%clk 01:09:04]} {[%emt
00:03:02]} 12. Qe2 {[%clk 00:54:49]} {[%emt 00:04:52]} Nf8 {[%clk 01:00:48]}
{[%emt 00:08:49]} 13. Rfd1 {[%clk 00:52:21]} {[%emt 00:02:57]} Bd7 {[%clk
00:52:20]} {[%emt 00:08:58]} 14. dxc5 {[%clk 00:46:50]} {[%emt 00:06:01]} dxc5
{[%clk 00:49:25]} {[%emt 00:03:25]} 15. Nd5 {[%clk 00:42:58]} {[%emt 00:04:22]}
Nxd5 {[%clk 00:44:37]} {[%emt 00:05:18]} 16. Rxd5 {[%clk 00:42:26]} {[%emt
00:01:02]} Bc6 {[%clk 00:32:58]} {[%emt 00:12:09]} 17. Rdd1 {[%clk 00:37:54]}
{[%emt 00:05:02]} e5 {[%clk 00:28:31]} {[%emt 00:04:57]} 18. Qc2 {[%clk
00:29:40]} {[%emt 00:08:44]} Ne6 {[%clk 00:27:24]} {[%emt 00:01:37]} 19. Nd2
{[%clk 00:25:31]} {[%emt 00:04:40]} Bxg2 {[%clk 00:25:51]} {[%emt 00:02:03]}
20. Kxg2 {[%clk 00:25:28]} {[%emt 00:00:33]} Rbd8 {[%clk 00:16:51]} {[%emt
00:09:30]} 21. Ne4 {[%clk 00:09:49]} {[%emt 00:16:10]} Qc6 {[%clk 00:11:40]}
{[%emt 00:05:41]} 22. f3 {[%clk 00:09:31]} {[%emt 00:00:48]} f5 {[%clk
00:10:15]} {[%emt 00:01:55]} 23. Nc3 {[%clk 00:09:01]} {[%emt 00:00:59]} e4
{[%clk 00:07:13]} {[%emt 00:03:32]} 24. f4 {[%clk 00:06:53]} {[%emt 00:02:39]}
Nc7 {[%clk 00:06:07]} {[%emt 00:01:35]} 25. Kf2 {[%clk 00:05:19]} {[%emt
00:01:03]} b6 {[%clk 00:05:10]} {[%emt 00:02:29]} 26. Rd2 {[%clk 00:03:55]}
{[%emt 00:01:54]} Rd7 {[%clk 00:03:12]} {[%emt 00:02:27]} 27. Rxd7 {[%clk
00:03:52]} {[%emt 00:00:33]} Qxd7 {[%clk 00:03:42]} {[%emt 00:00:01]} 28. Rd1
{[%clk 00:03:55]} {[%emt 00:00:26]} Qe7 {[%clk 00:03:43]} {[%emt 00:00:29]} 29.
Nd5 {[%clk 00:03:29]} {[%emt 00:00:56]} Nxd5 {[%clk 00:04:02]} {[%emt
00:00:11]} 30. Rxd5 {[%clk 00:03:38]} {[%emt 00:00:21]} Rd8 {[%clk 00:03:44]}
{[%emt 00:00:49]} 31. Rxd8+ {[%clk 00:03:13]} {[%emt 00:00:54]} Qxd8 {[%clk
00:04:06]} {[%emt 00:00:08]} 32. Bxg7 {[%clk 00:03:33]} {[%emt 00:00:10]} Kxg7
{[%clk 00:04:28]} {[%emt 00:00:08]} 33. Qc3+ {[%clk 00:03:36]} {[%emt
00:00:27]} Kf7 {[%clk 00:04:25]} {[%emt 00:00:32]} 34. Ke2 {[%clk 00:03:41]}
{[%emt 00:00:25]} Qd6 {[%clk 00:01:59]} {[%emt 00:02:56]} 35. a3 {[%clk
00:02:34]} {[%emt 00:01:37]} a5 {[%clk 00:02:00]} {[%emt 00:00:29]} 36. Qd2
{[%clk 00:01:22]} {[%emt 00:01:42]} Ke6 {[%clk 00:01:22]} {[%emt 00:01:07]} 37.
Qxd6+ {[%clk 00:01:03]} {[%emt 00:00:50]} Kxd6 {[%clk 00:01:51]} {[%emt
00:00:02]} 38. Kd2 {[%clk 00:01:15]} {[%emt 00:00:18]} Kc6 {[%clk 00:00:45]}
{[%emt 00:01:36]} 39. Kc3 {[%clk 00:01:24]} {[%emt 00:00:21]} b5 {[%clk
00:00:33]} {[%emt 00:00:43]} 40. cxb5+ {[%clk 00:00:38]} {[%emt 00:01:15]} Kxb5
{[%clk 00:01:01]} {[%emt 00:00:02]} 41. Kb2 {[%clk 00:11:47]} {[%emt 00:19:21]}
1/2-1/2

[Event "DVM U16 2023"]
[Site "Magdeburg GER"]
[Date "2023.12.29"]
[Round "6"]
[White "Negru, Maximilian"]
[Black "Vecera, Fabio"]
[Result "1-0"]
[Termination "normal"]
[Board "7.4"]
[WhiteElo "1316"]
[BlackElo "1505"]
[WhiteClock "00:28:32"]
[BlackClock "00:24:30"]
[WhiteTeam "SK Bad Homburg 1927"]
[BlackTeam "VfB Schach Leipzig"]
[PlyCount "105"]
[WhiteFideId "16298136"]
[BlackFideId "16281705"]
[EventCountry "GER"]
[EventRounds "7"]
[EventType "team-swiss"]
[EventDate "2023.12.26"]

1. e4 {[%clk 01:30:56]} {[%emt 00:00:04]} Nf6 {[%clk 01:30:50]} {[%emt
00:00:11]} 2. e5 {[%clk 01:30:05]} {[%emt 00:01:21]} Nd5 {[%clk 01:31:15]}
{[%emt 00:00:05]} 3. Nf3 {[%clk 01:29:41]} {[%emt 00:00:54]} d6 {[%clk
01:31:26]} {[%emt 00:00:19]} 4. Bc4 {[%clk 01:27:53]} {[%emt 00:02:18]} e6
{[%clk 01:27:49]} {[%emt 00:04:07]} 5. d4 {[%clk 01:26:19]} {[%emt 00:02:04]}
c5 {[%clk 01:23:37]} {[%emt 00:04:42]} 6. c3 {[%clk 01:21:57]} {[%emt
00:04:51]} Be7 {[%clk 01:17:28]} {[%emt 00:06:38]} 7. O-O {[%clk 01:20:45]}
{[%emt 00:01:43]} O-O {[%clk 01:17:42]} {[%emt 00:00:17]} 8. Qe2 {[%clk
01:20:34]} {[%emt 00:00:40]} Nd7 {[%clk 01:07:03]} {[%emt 00:11:09]} 9. Qe4
{[%clk 01:18:26]} {[%emt 00:02:38]} f5 {[%clk 01:02:33]} {[%emt 00:05:01]} 10.
Qe2 {[%clk 01:14:54]} {[%emt 00:04:01]} N7b6 {[%clk 00:48:55]} {[%emt
00:14:08]} 11. Bb3 {[%clk 01:10:56]} {[%emt 00:04:28]} cxd4 {[%clk 00:44:27]}
{[%emt 00:04:58]} 12. exd6 {[%clk 01:09:30]} {[%emt 00:01:55]} Qxd6 {[%clk
00:42:49]} {[%emt 00:02:08]} 13. Nxd4 {[%clk 01:08:40]} {[%emt 00:01:19]} Kh8
{[%clk 00:32:43]} {[%emt 00:10:37]} 14. Nb5 {[%clk 01:00:49]} {[%emt 00:08:21]}
Qc6 {[%clk 00:30:22]} {[%emt 00:02:51]} 15. c4 {[%clk 00:55:32]} {[%emt
00:05:47]} Nf6 {[%clk 00:27:21]} {[%emt 00:03:30]} 16. Bf4 {[%clk 00:53:44]}
{[%emt 00:02:19]} Bd7 {[%clk 00:26:37]} {[%emt 00:01:14]} 17. N1c3 {[%clk
00:42:47]} {[%emt 00:11:26]} Bc5 {[%clk 00:23:54]} {[%emt 00:03:14]} 18. a4
{[%clk 00:39:05]} {[%emt 00:04:12]} a6 {[%clk 00:20:11]} {[%emt 00:04:13]} 19.
Nc7 {[%clk 00:36:51]} {[%emt 00:02:44]} Rac8 {[%clk 00:15:39]} {[%emt
00:05:02]} 20. a5 {[%clk 00:34:36]} {[%emt 00:02:46]} Bd6 {[%clk 00:09:59]}
{[%emt 00:06:10]} 21. Nxe6 {[%clk 00:15:32]} {[%emt 00:19:34]} Bxe6 {[%clk
00:03:35]} {[%emt 00:06:54]} 22. Bxd6 {[%clk 00:11:13]} {[%emt 00:04:48]} Qxd6
{[%clk 00:01:27]} {[%emt 00:02:39]} 23. c5 {[%clk 00:11:35]} {[%emt 00:00:09]}
Qc6 {[%clk 00:01:41]} {[%emt 00:00:16]} 24. Qxe6 {[%clk 00:10:42]} {[%emt
00:01:23]} Nbd7 {[%clk 00:01:18]} {[%emt 00:00:53]} 25. Qxf5 {[%clk 00:09:15]}
{[%emt 00:01:57]} Nxc5 {[%clk 00:01:30]} {[%emt 00:00:19]} 26. Ba4 {[%clk
00:05:01]} {[%emt 00:04:44]} Qc7 {[%clk 00:00:51]} {[%emt 00:01:08]} 27. Nd5
{[%clk 00:03:28]} {[%emt 00:02:03]} Nxd5 {[%clk 00:00:34]} {[%emt 00:00:48]}
28. Qxd5 {[%clk 00:03:52]} {[%emt 00:00:05]} Nxa4 {[%clk 00:00:35]} {[%emt
00:00:29]} 29. Rxa4 {[%clk 00:04:10]} {[%emt 00:00:12]} Rcd8 {[%clk 00:00:33]}
{[%emt 00:00:32]} 30. Qe4 {[%clk 00:03:36]} {[%emt 00:01:03]} Rfe8 {[%clk
00:00:34]} {[%emt 00:00:31]} 31. Qf3 {[%clk 00:04:02]} {[%emt 00:00:03]} Rf8
{[%clk 00:00:32]} {[%emt 00:00:32]} 32. Qh3 {[%clk 00:04:26]} {[%emt 00:00:05]}
Rd6 {[%clk 00:00:32]} {[%emt 00:00:31]} 33. Qg3 {[%clk 00:04:15]} {[%emt
00:00:41]} Qd7 {[%clk 00:00:48]} {[%emt 00:00:14]} 34. Raa1 {[%clk 00:04:18]}
{[%emt 00:00:27]} Rd8 {[%clk 00:01:07]} {[%emt 00:00:11]} 35. Qc3 {[%clk
00:01:39]} {[%emt 00:03:08]} Qb5 {[%clk 00:01:10]} {[%emt 00:00:27]} 36. Rae1
{[%clk 00:01:12]} {[%emt 00:00:57]} Rd3 {[%clk 00:01:04]} {[%emt 00:00:37]} 37.
Qe5 {[%clk 00:01:00]} {[%emt 00:00:42]} R3d5 {[%clk 00:01:19]} {[%emt
00:00:15]} 38. Qe7 {[%clk 00:01:14]} {[%emt 00:00:17]} h6 {[%clk 00:01:38]}
{[%emt 00:00:11]} 39. b4 {[%clk 00:01:29]} {[%emt 00:00:14]} R5d6 {[%clk
00:00:59]} {[%emt 00:01:10]} 40. Re4 {[%clk 00:00:49]} {[%emt 00:01:10]} R8d7
{[%clk 00:00:33]} {[%emt 00:00:56]} 41. Qf8+ {[%clk 00:00:48]} {[%emt
00:00:31]} Kh7 {[%clk 00:00:48]} {[%emt 00:00:15]} 42. Re8 {[%clk 00:00:41]}
{[%emt 00:00:37]} Qc4 {[%clk 00:28:07]} {[%emt 00:03:11]} 43. Qf5+ {[%clk
00:28:40]} {[%emt 00:02:31]} g6 {[%clk 00:24:19]} {[%emt 00:04:18]} 44. Qf8
{[%clk 00:28:22]} {[%emt 00:00:48]} g5 {[%clk 00:24:33]} {[%emt 00:00:16]} 45.
Re7+ {[%clk 00:28:12]} {[%emt 00:00:41]} Kg6 {[%clk 00:24:46]} {[%emt
00:00:16]} 46. Qg7+ {[%clk 00:28:29]} {[%emt 00:00:13]} Kh5 {[%clk 00:24:16]}
{[%emt 00:01:00]} 47. Rxd7 {[%clk 00:28:35]} {[%emt 00:00:25]} Qxb4 {[%clk
00:23:54]} {[%emt 00:00:51]} 48. Rxd6 {[%clk 00:28:08]} {[%emt 00:00:57]} Qxd6
{[%clk 00:24:18]} {[%emt 00:00:07]} 49. Qxb7 {[%clk 00:28:31]} {[%emt
00:00:06]} g4 {[%clk 00:24:10]} {[%emt 00:00:38]} 50. Qb6 {[%clk 00:28:46]}
{[%emt 00:00:15]} Qd3 {[%clk 00:24:07]} {[%emt 00:00:33]} 51. Qc5+ {[%clk
00:27:49]} {[%emt 00:01:24]} Kh4 {[%clk 00:24:10]} {[%emt 00:00:31]} 52. g3+
{[%clk 00:28:05]} {[%emt 00:00:14]} Kh3 {[%clk 00:24:30]} {[%emt 00:00:10]} 53.
Qh5# {[%clk 00:28:32]} {[%emt 00:00:03]} 1-0

[Event "DVM U16 2023"]
[Site "Magdeburg GER"]
[Date "2023.12.29"]
[Round "6"]
[White "Honisch, Alexander"]
[Black "Trenz, Finn"]
[Result "1-0"]
[Termination "normal"]
[Board "8.1"]
[WhiteElo "2155"]
[BlackElo "1884"]
[WhiteClock "00:08:59"]
[BlackClock "00:07:18"]
[WhiteTeam "SK Bebenhausen 1992"]
[BlackTeam "SV Multatuli Ingelheim"]
[PlyCount "53"]
[WhiteFideId "16298594"]
[BlackFideId "16279379"]
[EventCountry "GER"]
[EventRounds "7"]
[EventType "team-swiss"]
[EventDate "2023.12.26"]

1. e4 {[%clk 01:30:36]} {[%emt 00:00:23]} c6 {[%clk 01:30:55]} {[%emt
00:00:06]} 2. Nc3 {[%clk 01:30:25]} {[%emt 00:00:40]} d5 {[%clk 01:31:17]}
{[%emt 00:00:07]} 3. d4 {[%clk 01:28:29]} {[%emt 00:02:27]} dxe4 {[%clk
01:31:23]} {[%emt 00:00:25]} 4. Nxe4 {[%clk 01:28:29]} {[%emt 00:00:30]} Nf6
{[%clk 01:31:42]} {[%emt 00:00:11]} 5. Nxf6+ {[%clk 01:28:16]} {[%emt
00:00:43]} exf6 {[%clk 01:29:51]} {[%emt 00:02:21]} 6. c3 {[%clk 01:27:21]}
{[%emt 00:01:24]} Bd6 {[%clk 01:29:29]} {[%emt 00:00:53]} 7. Bd3 {[%clk
01:27:19]} {[%emt 00:00:31]} Na6 {[%clk 01:28:22]} {[%emt 00:01:37]} 8. Ne2
{[%clk 01:24:59]} {[%emt 00:02:49]} Nc7 {[%clk 01:28:30]} {[%emt 00:00:22]} 9.
Qc2 {[%clk 01:23:55]} {[%emt 00:01:34]} h5 {[%clk 01:26:55]} {[%emt 00:02:06]}
10. O-O {[%clk 01:22:44]} {[%emt 00:01:40]} h4 {[%clk 01:18:13]} {[%emt
00:09:12]} 11. h3 {[%clk 01:21:00]} {[%emt 00:02:14]} Kf8 {[%clk 01:18:15]}
{[%emt 00:00:28]} 12. c4 {[%clk 01:18:39]} {[%emt 00:02:51]} Be6 {[%clk
01:16:12]} {[%emt 00:02:33]} 13. Be3 {[%clk 01:15:33]} {[%emt 00:03:36]} Qd7
{[%clk 01:08:06]} {[%emt 00:08:36]} 14. Nc3 {[%clk 01:02:30]} {[%emt 00:13:34]}
g6 {[%clk 00:59:12]} {[%emt 00:09:24]} 15. Rad1 {[%clk 00:56:16]} {[%emt
00:06:44]} b5 {[%clk 00:51:40]} {[%emt 00:08:01]} 16. cxb5 {[%clk 00:35:26]}
{[%emt 00:21:20]} cxb5 {[%clk 00:48:56]} {[%emt 00:03:14]} 17. d5 {[%clk
00:34:09]} {[%emt 00:01:48]} Bxd5 {[%clk 00:32:07]} {[%emt 00:17:19]} 18. Be4
{[%clk 00:28:27]} {[%emt 00:06:12]} Bc6 {[%clk 00:16:53]} {[%emt 00:15:43]} 19.
Bc5 {[%clk 00:14:34]} {[%emt 00:14:23]} Ne8 {[%clk 00:16:57]} {[%emt 00:00:25]}
20. Rxd6 {[%clk 00:12:59]} {[%emt 00:02:05]} Nxd6 {[%clk 00:16:56]} {[%emt
00:00:32]} 21. Rd1 {[%clk 00:12:48]} {[%emt 00:00:41]} Bxe4 {[%clk 00:10:40]}
{[%emt 00:06:46]} 22. Nxe4 {[%clk 00:12:49]} {[%emt 00:00:29]} Qf5 {[%clk
00:10:15]} {[%emt 00:00:54]} 23. Rxd6 {[%clk 00:12:33]} {[%emt 00:00:47]} Kg7
{[%clk 00:09:22]} {[%emt 00:01:23]} 24. Rxf6 {[%clk 00:12:16]} {[%emt
00:00:47]} Qe5 {[%clk 00:09:06]} {[%emt 00:00:46]} 25. f4 {[%clk 00:10:06]}
{[%emt 00:02:41]} Qd5 {[%clk 00:07:16]} {[%emt 00:02:19]} 26. Rd6 {[%clk
00:09:02]} {[%emt 00:01:33]} Qc4 {[%clk 00:07:18]} {[%emt 00:00:29]} 27. Bd4+
{[%clk 00:08:59]} {[%emt 00:00:33]} 1-0